{"text_format":"3","workbook":"xlsx","n_sheets":12,"sheets":["P&G","Civil","Mech_T","Mech_D","Elec","PLC","Com","As-Built","Summary","Section A","Section C","Civils"],"not_rendered":{"external_links":4,"defined_names":65},"read":"whole","date_system":"1900"}

{"sheet":"P&G","index":0,"n_rows":21,"n_cols":6,"rows_kept":21,"merged":[[0,0,1,6],[2,1,3,1],[2,2,3,2],[2,3,3,3],[2,4,3,4],[2,5,3,5],[2,6,3,6],[4,4,5,4],[4,5,5,5],[4,6,5,6],[6,0,19,0]]}
["SCHEDULE A: P&G"]
[]
["ITEM","DETAIL OF THE REPLACEMENT OF TAXIWAY, SECURITY AND VVIP GATES","UNIT","QTY","RATE (RANDS)","PRICE IN RANDS"]
["NO."]
[1,{"$f":"MID(A1,10,50)","v":"A: P&G"}]
[]
[1.1,"Site Establishment"]
[null,"P&G - Site Establishment","ea",1]
[null,"P&G - Time Related - Commences at end of design phase, after mobilisation","per month",10]
[null,"P&G - Fixed","ea",1]
[null,"Permits - Provisional Amnout of R100 000 for:","ea",1,{"v":100000,"d":"R100,000.00"},{"$f":"D11*E11","v":{"v":100000,"d":"R 100,000.00"}}]
[null,"Staff Airside Access"]
[null,"Airside driver licence  - allowance"]
[null,"Airside vehicle permit and safety equipment - allowance"]
[null,"Lifting and unloading equipment","ea",1]
[null,"Provisional Sum for Geotechnical, Topographical and other specialist investigations - ","ea",1,{"v":500000,"d":"R500,000.00"},{"$f":"D16*E16","v":{"v":500000,"d":"R 500,000.00"}}]
[null,"Contractors charge in respect of Specialist consultants.","%",{"$f":"E16","v":{"v":500000,"d":"R500,000.00"}}]
[null,"Delivery to site","ea",1]
[null,"P&G - Demobilisation","ea",1]
[]
[{"$f":"A5","v":1},"Total"]

{"sheet":"Civil","index":1,"n_rows":79,"n_cols":6,"rows_kept":79,"merged":[[0,0,1,6],[2,1,3,1],[2,2,3,2],[2,3,3,3],[2,4,3,4],[2,5,3,5],[2,6,3,6],[4,5,5,5],[4,6,5,6],[6,0,14,0],[15,0,15,6],[16,0,23,0],[25,0,31,0],[33,0,37,0],[39,0,42,0],[43,0,43,6],[44,0,47,0],[49,0,55,0],[57,0,63,0],[65,0,65,6],[66,0,69,0],[72,0,76,0]]}
["SCHEDULE B: CIVIL WORKS"]
[]
["ITEM","DETAIL OF THE REPLACEMENT OF TAXIWAY, SECURITY AND VVIP GATES","UNIT","QTY","RATE (RANDS)","PRICE IN RANDS"]
["NO."]
[2,{"$f":"MID(A1,10,50)","v":"B: CIVIL WORKS"}]
[]
[{"$f":"A5+0.1","v":2.1},"Design"]
[null,"a) Concept Design "]
[null,"i) Prepare Concept Design Report, submit for consideration including presenting the concept(s). ","ea",1]
[null,"b) Detail Design "]
[null,"i) Prepare Design Report","ea",1]
[null,"ii) Prepare Drawings","ea",1]
[null,"iii) Prepare specifications","ea",1]
[null,"iv) Submit for review and approval including presentation of the design. ","ea",1]
[]
["Taxiway Gate"]
[{"$f":"A7+0.1","v":2.2},"Preparation of Rail Foundations"]
[null,"Supply reinforcement steel","kg",3000]
[null,"Supply concrete","m3",{"$f":"75-D35","v":{"v":48.6,"d":"49"}}]
[null,"Formwork","m2",90]
[null,"Demolish & remove existing rail and pavement","ea",1]
[null,"Construct foundations labour","hr",{"$f":"5*8*5","v":200}]
[]
[]
[]
[{"$f":"A17+0.1","v":2.3000000000000003},"Installation of rails"]
[null,"Supply rails 30kg/m","kg",{"$f":"30*2*80","v":4800}]
[null,"Supply fixing plates and bolts","ea",1]
[null,"Install rail","hr",{"$f":"5*8*4","v":160}]
[null,"Adjust rails","hr",{"$f":"4*8*3","v":96}]
[null,"Measure ","hr",{"$f":"2*8*2","v":32}]
[]
[]
[{"$f":"A26+0.1","v":2.4000000000000004},"Restore taxiway and shoulder paving "]
[null,"Supply concrete","m3",{"$f":"80*2.2*0.15","v":{"v":26.4,"d":"26"}}]
[null,"Restore taxiway pavement  - labour","hr",{"$f":"5*8*5","v":200}]
[null,"Restore paint marking - Retro-reflective paint applied at nominal rate of 0,42l/m2","m2",{"$f":"(0.3*10)*5","v":15}]
[]
[]
[{"$f":"A34+0.1","v":2.5000000000000004},"Restore paving and stormwater infrastructure outside of taxiway"]
[null,"Supply concrete","m3",10]
[null,"Restore taxiway pavement  - labour","hr",{"$f":"5*8*4","v":160}]
[]
["Security Gate"]
[{"$f":"A40+0.1","v":2.6000000000000005},"Removal and Reinstallation of gates"]
[null,"Remove gate","ea",{"$f":"4*4*2","v":32}]
[null,"Reinstate gate","ea",{"$f":"4*4*2","v":32}]
[]
[]
[{"$f":"A45+0.1","v":2.7000000000000006},"Construction and Preperation of Gate Posts"]
[null,"Supply steel pillars","m",{"$f":"4*3*2","v":24}]
[null,"Formwork","hr",{"$f":"8*2","v":16}]
[null,"Construct and install vertical posts - labour","ea",{"$f":"2*8*4","v":64}]
[null,"Supply concrete","m3",{"$f":"4*(0.5*0.4*0.4)","v":0.32000000000000006}]
[]
[]
[]
[{"$f":"A50+0.1","v":2.8000000000000007},"Installation of gates"]
[null,"Install gates - labour","hr",{"$f":"2*8","v":16}]
[null,"Adjust gates","hr",{"$f":"2*2","v":4}]
[null,"Measure gate and mechanical system","hr",{"$f":"2*2","v":4}]
[]
[]
[]
[]
["VVIP Gate"]
[{"v":2.1,"d":"2.10"},"Removal and Reinstallation of gate"]
[null,"Remove gate","ea",{"$f":"4*4","v":16}]
[null,"Reinstate gate","ea",{"$f":"4*4","v":16}]
[]
[]
[]
[{"$f":"A67+0.01","v":2.11},"Installation of gates"]
[null,"Install gate - labour","hr",{"$f":"8","v":8}]
[null,"Adjust gate","hr",{"$f":"2","v":2}]
[null,"Measure gate and mechanical system","hr",{"$f":"2","v":2}]
[]
[]
[2,"Total",{"$nulls":3},{"$f":"SUM(F17:F43)","v":0}]

{"sheet":"Mech_T","index":2,"n_rows":56,"n_cols":6,"rows_kept":56,"merged":[[0,0,1,6],[2,1,3,1],[2,2,3,2],[2,3,3,3],[2,4,3,4],[2,5,3,5],[2,6,3,6],[4,5,5,5],[4,6,5,6],[6,0,6,6],[7,0,14,0],[16,0,22,0],[24,0,25,0],[27,0,27,6],[28,0,34,0],[36,0,40,0],[42,0,42,6],[43,0,47,0],[49,0,53,0]]}
["SCHEDULE C: MECHANICAL WORKS"]
[]
["ITEM","DETAIL OF THE REPLACEMENT OF TAXIWAY, SECURITY AND VVIP GATES","UNIT","QTY","RATE (RANDS)","PRICE IN RANDS"]
["NO."]
[3,{"$f":"MID(A1,10,50)","v":"C: MECHANICAL WORKS"}]
[]
["Taxiway Gate"]
[{"$f":"A5+0.1","v":3.1},"Design"]
[null,"a) Concept Design "]
[null,"i) Prepare Concept Design Report, submit for consideration including presenting the concept(s). ","ea",1]
[null,"b) Detail Design "]
[null,"i) Prepare Design Report","ea",1]
[null,"ii) Prepare Drawings","ea",1]
[null,"iii) Prepare specifications","ea",1]
[null,"iv) Submit for review and approval including presentation of the design. ","ea",1]
[]
[{"$f":"A8+0.1","v":3.2},"Manufacture Trolley"]
[null,"Manufacture Trolley Frame","ea",4]
[null,"Galvanise Trolley Frame","ea",4]
[null,"Procure Trolley bearings, wheel, axle","ea",4]
[null,"Procure Fence (Clearview)","ea",4]
[null,"Assemble Trolley","ea",4]
[]
[]
[{"$f":"A17+0.1","v":3.3000000000000003},"Mechancial Drive Misc"]
[null,"Manual Operation Solution","ea",1]
[]
["Security Gate"]
[{"$f":"A25+0.1","v":3.4000000000000004},"Manufacture Gates"]
[null,"Manufacture Gates","ea",4]
[null,"Galvanise Gate","ea",4]
[null,"Procure Gate hinge sets","ea",4]
[null,"Procure Fence (Clearview)","m",15]
[]
[]
[]
[{"$f":"A29+0.1","v":3.5000000000000004},"Mechancial System (2 gates, 4 leaves)"]
[null,"Procure mechanical system (motor, arms, controller etc.)","ea",4]
[null,"Procure sensor sets","ea",4]
[null,"Install mechanical system","ea",2]
[]
[]
["VVIP Gate"]
[{"$f":"A37+0.1","v":3.6000000000000005},"Manufacture Sliding Gate"]
[null,"Manufacture Sliding Gate","ea",1]
[null,"Galvanise Gate","ea",1]
[null,"Procure Gate wheels, bearings, misc component set","ea",1]
[]
[]
[{"$f":"A44+0.1","v":3.7000000000000006},"Mechancial System"]
[null,"Procure mechanical system (motor, drive, controller etc.)","ea",1]
[null,"Procure sensor set","ea",1]
[null,"Install mechanical system","ea",1]
[]
[]
[{"$f":"A5","v":3},"Total",{"$nulls":3},{"$f":"SUM(F17:F27)","v":0}]

{"sheet":"Mech_D","index":3,"n_rows":32,"n_cols":6,"rows_kept":32,"merged":[[0,0,1,6],[2,1,3,1],[2,2,3,2],[2,3,3,3],[2,4,3,4],[2,5,3,5],[2,6,3,6],[4,5,5,5],[4,6,5,6],[6,0,6,6],[7,0,14,0],[16,0,26,0],[28,0,30,0]]}
["SCHEDULE D: MECHANICAL DRIVE SYSTEM"]
[]
["ITEM","DETAIL OF THE REPLACEMENT OF TAXIWAY, SECURITY AND VVIP GATES","UNIT","QTY","RATE (RANDS)","PRICE IN RANDS"]
["NO."]
[4,{"$f":"MID(A1,10,50)","v":"D: MECHANICAL DRIVE SYSTEM"}]
[]
["Taxiway Gate"]
[{"$f":"A5+0.1","v":4.1},"Design"]
[null,"a) Concept Design "]
[null,"i) Prepare Concept Design Report, submit for consideration including presenting the concept(s). ","ea",1]
[null,"b) Detail Design "]
[null,"i) Prepare Design Report","ea",1]
[null,"ii) Prepare Drawings","ea",1]
[null,"iii) Prepare specifications","ea",1]
[null,"iv) Submit for review and approval including presentation of the design. ","ea",1]
[]
[{"$f":"A8+0.1","v":4.199999999999999},"Manufacture Mechanical Drive System "]
[null,"Manufacture Drive System Frame","ea",1]
[null,"Procure Motor","ea",1]
[null,"Procure Gearbox","ea",1]
[null,"Procure Brake with manual release","ea",1]
[null,"Procure chain, sprockets, attachment and tensioner ","ea",1]
[null,"Galvanise / Paint Trolley Frame","ea",1]
[null,"Assemble Drive System ","ea",1]
[null,"Test Drive System ","ea",1]
[]
[]
[]
[{"$f":"A17+0.1","v":4.299999999999999},"Mechancial Drive Misc"]
[null,"Manual Operation Solution","ea",1]
[]
[{"$f":"A5","v":4},"Total",{"$nulls":3},{"$f":"SUM(F17:F31)","v":0}]

{"sheet":"Elec","index":4,"n_rows":44,"n_cols":6,"rows_kept":44,"merged":[[0,0,1,6],[2,1,3,1],[2,2,3,2],[2,3,3,3],[2,4,3,4],[2,5,3,5],[2,6,3,6],[4,5,5,5],[4,6,5,6],[6,0,6,6],[7,0,15,0],[17,0,27,0],[29,0,34,0],[36,0,36,6],[37,0,41,0]]}
["SCHEDULE E: ELECTRICAL GMCC"]
[]
["ITEM","DETAIL OF THE REPLACEMENT OF TAXIWAY, SECURITY AND VVIP GATES","UNIT","QTY","RATE (RANDS)","PRICE IN RANDS"]
["NO."]
[5,{"$f":"MID(A1,10,50)","v":"E: ELECTRICAL GMCC"}]
[]
["Taxiway Gate"]
[{"$f":"A5+0.1","v":5.1},"Design","ea",1]
[null,"a) Concept Design "]
[null,"i) Prepare Concept Design Report, submit for consideration including presenting the concept(s). ","ea",1]
[null,"b) Detail Design "]
[null,"i) Prepare Design Report","ea",1]
[null,"ii) Prepare Drawings","ea",1]
[null,"iii) Prepare specifications","ea",1]
[null,"iv) Submit for review and approval including presentation of the design. ","ea",1]
[]
[]
[{"$f":"A8+0.1","v":5.199999999999999},"Manufacture GMCC"]
[null,"Manufacture Cabinet","ea",1]
[null,"Procure Switchgear","ea",1]
[null,"Procure Variable Speed Drive Components","ea",1]
[null,"Procure UPS","ea",1]
[null,"Procure labels","ea",1]
[null,"Assemble GMCC","ea",1]
[null,"Test GMCC - Factory","ea",1]
[null,"Install GMCC on site","ea",1]
[null,"Test GMCC - Site","ea",1]
[]
[]
[{"$f":"A18+0.1","v":5.299999999999999},"Electrical  Misc"]
[null,"Earth Resistivity measurement","ea",1]
[null,"Lightning protection design and specification","ea",1]
[null,"Certificate of compliance that installation has been completed in accordance with design and specification","ea",1]
[null,"Manual Operation Solution","ea",1]
[]
[]
["Security Gate"]
[{"$f":"A30+0.1","v":5.399999999999999},"Electrical  Installation"]
[null,"Connection of mechanical system to electrical point","ea",{"$f":"2*8*2","v":32}]
[null,"Certificate of compliance that installation has been completed in accordance with design and specification","ea",1]
[null,"Manual Operation Solution","ea",1]
[null,"Wiring and conncetion point consumables","m",20]
[]
[{"$f":"A5","v":5},"Total",{"$nulls":3},{"$f":"SUM(F18:F36)","v":0}]

{"sheet":"PLC","index":5,"n_rows":50,"n_cols":6,"rows_kept":50,"merged":[[0,0,1,6],[2,1,3,1],[2,2,3,2],[2,3,3,3],[2,4,3,4],[2,5,3,5],[2,6,3,6],[4,5,5,5],[4,6,5,6],[6,0,6,6],[7,0,15,0],[17,0,33,0],[35,0,44,0],[46,0,47,0]]}
["SCHEDULE F: PLC, SENSORS, INSTRUMENTATION"]
[]
["ITEM","DETAIL OF THE REPLACEMENT OF TAXIWAY, SECURITY AND VVIP GATES","UNIT","QTY","RATE (RANDS)","PRICE IN RANDS"]
["NO."]
[6,{"$f":"MID(A1,10,50)","v":"F: PLC, SENSORS, INSTRUMENTATION"}]
[]
["Taxiway Gate"]
[{"$f":"A5+0.1","v":6.1},"Design"]
[null,"a) Concept Design "]
[null,"i) Prepare Concept Design Report, submit for consideration including presenting the concept(s). ","ea",1]
[null,"b) Detail Design "]
[null,"i) Prepare Design Report","ea",1]
[null,"ii) Prepare Drawings","ea",1]
[null,"iii) Prepare specifications","ea",1]
[null,"iv) Submit for review and approval including presentation of the design. ","ea",1]
[]
[]
[{"$f":"A8+0.1","v":6.199999999999999},"Procure Sensors and Lamps"]
[null,"Procure PLC, GUI","ea",1]
[null,"Procure remote panel with switches and buttons","ea",1]
[null,"Procure Cables, connectors, switches, buttons, emergency stop","ea",1]
[null,"Procure Curtain sensor","pair",1]
[null,"Procure Beam sensors","pair",6]
[null,"Procure gate position and limit sensors","ea",6]
[null,"Procure motor speed and position sensors","ea",1]
[null,"Procure Siren","ea",1]
[null,"Procure Flashing (rotating) light","ea",2]
[null,"Procure Low-intensity obstacle light (with solar panel and battery)","ea",2]
[null,"Procure Traffic Lights (Robot)","ea",4]
[null,"Procure area flood light","ea",2]
[null,"Procure masts for sensors, complete with foundation and installation","ea",6]
[null,"Procure CCTV camera and network switches","ea",6]
[null,"Other","ea",1]
[]
[]
[{"$f":"A18+0.1","v":6.299999999999999},"Manufacture and Install GMCC"]
[null,"Manufacture Cabinet","ea",1]
[null,"Assemble PLC in GMCC","ea",1]
[null,"Test GMCC PLC and Sensors - Factory","ea",1]
[null,"Install GMCC PLC on site","ea",1]
[null,"Install Sensors and cables - Site","ea",1]
[null,"Install Remote Panel - Site","ea",1]
[null,"Test GMCC PLC and Sensors - Site","ea",1]
[null,"Test GMMC","ea",1]
[]
[]
[{"$f":"A36+0.1","v":6.399999999999999},"PLC Misc"]
[null,"Manual Operation Solution","ea",1]
[]
[{"$f":"A5","v":6},"Total",{"$nulls":3},{"$f":"SUM(F36:F49)","v":0}]

{"sheet":"Com","index":6,"n_rows":26,"n_cols":6,"rows_kept":26,"merged":[[0,0,1,6],[2,1,3,1],[2,2,3,2],[2,3,3,3],[2,4,3,4],[2,5,3,5],[2,6,3,6],[4,5,5,5],[4,6,5,6],[6,0,11,0],[13,0,16,0],[18,0,23,0]]}
["SCHEDULE G: COMMISSION"]
[]
["ITEM","DETAIL OF THE REPLACEMENT OF TAXIWAY, SECURITY AND VVIP GATES","UNIT","QTY","RATE (RANDS)","PRICE IN RANDS"]
["NO."]
[7,{"$f":"MID(A1,10,50)","v":"G: COMMISSION"}]
[]
[{"$f":"A5+0.1","v":7.1},"Commissioning Effort"]
[null,"Prepare Commissioning Plan","ea",1]
[null,"Prepare Acceptance Test Procedure and Result Sheets","ea",1]
[null,"Commissioning Effort","ea",1]
[null,"Acceptance Testing","ea",1]
[]
[]
[{"$f":"A7+0.1","v":7.199999999999999},"Labelling and Signage"]
[null,"Prepare Labelling and Signage Plan","ea",1]
[null,"Procure Labels and Signage ","ea",1]
[]
[]
[{"$f":"A14+0.1","v":7.299999999999999},"Commissioning Misc"]
[null,"Miscellaneous Costs for Commissioning, this includes a complete operational trial, reinstate the work area and return the gate to service.","ea",1]
[]
[]
[]
[]
[]
[{"$f":"A5","v":7},"Total",{"$nulls":3},{"$f":"SUM(F19:F24)","v":0}]

{"sheet":"As-Built","index":7,"n_rows":34,"n_cols":6,"rows_kept":34,"merged":[[0,0,1,6],[2,1,3,1],[2,2,3,2],[2,3,3,3],[2,4,3,4],[2,5,3,5],[2,6,3,6],[4,5,5,5],[4,6,5,6],[6,0,12,0],[14,0,19,0],[21,0,24,0],[26,0,32,0]]}
["SCHEDULE H: AS-BUILT AND CLOSE-OUT"]
[]
["ITEM","DETAIL OF THE REPLACEMENT OF TAXIWAY, SECURITY AND VVIP GATES","UNIT","QTY","RATE (RANDS)","PRICE IN RANDS"]
["NO."]
[8,{"$f":"MID(A1,10,50)","v":"H: AS-BUILT AND CLOSE-OUT"}]
[]
[{"$f":"A5+0.1","v":8.1},"As-Built Documents"]
[null,"Prepare as-built drawings","ea",1]
[null,"Prepare Close-out report","ea",1]
[null,"Prepare as-supplied specifications","ea",1]
[null,"Prepare certificates (CoC)","ea",1]
[null,"Issue As-Built and Close-out Docs","ea",1]
[]
[]
[{"$f":"A7+0.1","v":8.2},"Operator and Maintenance Manuals"]
[null,"Operator manual","ea",1]
[null,"Maintenance manual","ea",1]
[null,"Operator training aids","ea",1]
[null,"Maintenance staff training aids","ea",1]
[]
[]
[{"$f":"A15+0.1","v":8.299999999999999},"Training"]
[null,"Operators","ea",1]
[null,"Maintenance staff","ea",1]
[]
[]
[{"$f":"A22+0.1","v":8.399999999999999},"Spare Parts"]
[null,"Provision for spare parts - Trolley, Security Gate, VVIP Gate","ea",1]
[null,"Provision for spare parts - Mechanical Drives","ea",1]
[null,"Provision for spare parts - GMCC","ea",1]
[null,"Provision for spare parts - PLC, Sensor","ea",1]
[null,"Client Engineer shall select spare parts from costed list supplied by Contractor to the value of this provision."]
[]
[{"$f":"A5","v":8},"Total",{"$nulls":3},{"$f":"SUM(F15:F33)","v":0}]

{"sheet":"Summary","index":8,"n_rows":51,"n_cols":7,"rows_kept":51,"merged":[[5,1,5,9],[6,8,7,16]]}
[]
[]
[null,"KIMBERLEY AIRPORT"]
[]
[null,"REPLACEMENT OF BRAVO TAXIWAY AND MECHANICAL GATES"]
[]
[null,"ELECTROMECHANICAL, CONCRETE AND CIVIL WORKS"]
[]
[null,"TENDER REFERENCE NO. KIM - 5803"]
[]
[null,"SCHEDULE OF QUANTITIES"]
[]
[null,"SUMMARY"]
[]
[null,{"$f":"'P&G'!A1","v":"SCHEDULE A: P&G"},{"$nulls":3},"R",{"$f":"'P&G'!F21","v":0}]
[]
[null,{"$f":"Civil!A1","v":"SCHEDULE B: CIVIL WORKS"},{"$nulls":3},"R",{"$f":"Civil!F79","v":0}]
[]
[null,{"$f":"Mech_T!A1","v":"SCHEDULE C: MECHANICAL WORKS"},{"$nulls":3},"R",{"$f":"Mech_T!G56","v":0}]
[]
[null,{"$f":"Mech_D!A1","v":"SCHEDULE D: MECHANICAL DRIVE SYSTEM"},{"$nulls":3},"R",{"$f":"Mech_D!F32","v":0}]
[]
[null,{"$f":"Elec!A1","v":"SCHEDULE E: ELECTRICAL GMCC"},{"$nulls":3},"R",{"$f":"Elec!F44","v":0}]
[]
[null,{"$f":"PLC!A1","v":"SCHEDULE F: PLC, SENSORS, INSTRUMENTATION"},{"$nulls":3},"R",{"$f":"PLC!F50","v":0}]
[]
[null,{"$f":"Com!A1","v":"SCHEDULE G: COMMISSION"},{"$nulls":3},"R",{"$f":"Com!F26","v":0}]
[]
[null,{"$f":"'As-Built'!A1","v":"SCHEDULE H: AS-BUILT AND CLOSE-OUT"},{"$nulls":3},"R",{"$f":"'As-Built'!F34","v":0}]
[]
[]
[]
[{"$nulls":4},"TOTAL TENDER PRICE EXCLUDING VAT","R",{"$f":"SUM(G15:G32)","v":0}]
[]
[]
[{"$nulls":4}," 15% VAT","R",{"$f":"G33*0.15","v":0}]
[]
[]
[{"$nulls":4},"TOTAL TENDER PRICE INCLUDING VAT","R",{"$f":"G33+G36","v":0}]
[]
[]
[null,"NOTE:"]
[null,"The Total Tender Price must be carried over and included in the NEC3 ECC, C1.1. "]
{"$rows_empty":7}
[null,"DATE",null,"SIGNATURE OF TENDERER"]

{"sheet":"Section A","index":9,"n_rows":368,"n_cols":5,"rows_kept":368,"hidden":true,"merged":[[0,0,1,4],[2,1,3,1],[2,2,3,2],[2,3,3,3],[2,4,3,4],[4,2,5,2],[4,3,5,3],[4,4,5,4],[6,0,22,0],[24,0,26,0],[28,0,36,0],[40,1,41,1],[40,2,41,2],[40,4,41,4],[43,0,44,0],[46,0,47,0],[49,0,52,0],[57,0,71,0],[77,1,78,1],[77,2,78,2],[77,4,78,4],[79,1,80,1],[81,0,97,0],[99,0,101,0],[103,0,113,0],[114,0,117,0],[119,0,123,0],[126,1,127,1],[126,2,127,2],[126,4,127,4],[130,0,136,0],[138,0,140,0],[145,0,147,0],[149,0,151,0],[156,0,158,0],[163,0,165,0],[167,0,169,0],[171,0,173,0],[178,0,180,0],[182,0,184,0],[192,0,194,0],[196,0,198,0],[203,0,210,0],[211,0,216,0],[221,0,226,0],[228,0,232,0],[234,0,243,0],[259,0,266,0],[268,0,274,0],[279,0,287,0],[293,0,294,0],[300,0,342,0],[344,0,356,0],[361,0,363,0]]}
["SCHEDULE A: ELECTROMECHANICAL WORKS"]
[]
["ITEM","DETAIL OF THE MODERNISATION AND UPGRADE OF THE TAXIWAY GATE  INSTALLATION","PRICE IN RANDS","PRICE IN RANDS","REMARKS"]
["NO."]
[2,"NEW  MAIN DRIVE UNIT AND ACCESSORIES","ORIGINAL OFFER","ALTERNATIVE OFFER","CA DU TOIT ESTIMATES"]
[]
[2.1,"Main drive unit which must include the following components:",{"v":640320,"d":"R 640,320.00"},{"v":558594,"d":"R 558,594.00"},{"v":349500,"d":"349,500.00"}]
[]
[null,"18 kW main drive electrical motor"]
[]
[null,"Specially manufactured coupling between the electrical motor and the gearbox input shaft, complete with drive sprocket to engage with the tower structure drive unit for manual operation of the gate drive system."]
[]
[null,"Main straight reduction gearbox"]
[]
[null,"Main geared flanged coupling between the output shaft of the gearbox and the main drive shaft."]
[]
[null,"Main output shaft including two pedestal bearings."]
[]
[null,"Main drive sprocket fitted to the main output shaft. "]
[]
[null,"Two idler sprockets mounted on the vertical steel frame section of the steel base frame."]
[]
[null,"Main drive hauling chain complete with two adjustable anchors at the front and  rear end of the gate."]
[]
[2.2,"Steel support frame for the complete drive unit.","INCLUDED",{"v":244800,"d":"R 244,800.00"},{"v":60000,"d":"60,000.00"}]
[]
[null,"Main steel support frame for mounting all the items as included at Item 2.1 of this price schedule completely finished and galvanised."]
[]
[2.3,"Complete tower structure which must include the following:",{"v":122850,"d":"R 122,850.00"},{"v":66600,"d":"R 66,600.00"},{"v":38000,"d":"38,000.00"}]
[]
[null,"Steel structure to enclose the individual mounted components."]
[]
[null,"Primary bevel type gearbox .mounted in the tower structure."]
[]
[null,"Complete removable handle to operate the input shaft of the bevel gearbox."]
[]
[null," Primary drive shaft with sprocket and chain linked to the secondary drive shaft, both shafts complete with flanged type bearings and bearing mountings."]
[]
[null,"Supply and testing of the battery driven drilling machine, complete with suitable  fitting chuck and battery charger"]
[]
["ITEM","DETAIL OF THE MODERNISATION AND UPGRADE OF THE TAXIWAY GATE  INSTALLATION","PRICE IN RANDS",null,"REMARKS"]
["NO."]
[]
[2.4,"Battery driven drilling machine ",{"v":7875,"d":"R 7,875.00"},{"v":10584,"d":"R 10,584.00"},{"v":6000,"d":"6,000.00"}]
[null,"Supply and testing of the battery driven drilling machine, complete with suitable  fitting chuck and battery charger"]
[null,null,{"v":22863.75,"d":"R 22,863.75"},{"v":43416,"d":"R 43,416.00"},{"v":16000,"d":"16,000.00"}]
[2.5,"Securing the steel machine frame"]
[null,"Mounting of the complete drive unit on the concrete base adjacent to the taxiway gate, and securing this to the concrete base by means of the anchor bolts and nuts."]
[]
[2.6,"Painting of the drive components.",{"v":7875,"d":"R 7,875.00"},{"v":8424,"d":"R 8,424.00"},{"v":4000,"d":"4,000.00"}]
[null,"Painting of all the drive components included with this Item 2 of the equipment to be supplied and installed."]
[]
[null,"Before dispatch from the factory the primary coat of the components must be completed"]
[null,"SUBTOTAL FOR ITEM 2",{"$f":"C7+C29+C44+C46+C50","v":{"v":801783.75,"d":"R 801,783.75"}},{"v":932418,"d":"R 932,418.00"},{"$f":"SUM(E7:E50)","v":{"v":473500,"d":"473,500.00"}}]
{"$rows_empty":23}
["ITEM","DETAIL OF THE MODERNISATION AND UPGRADE OF THE TAXIWAY GATE  INSTALLATION","PRICE IN RANDS",null,"REMARKS"]
["NO."]
[3,"REFURBISHING AND UPGRADING OF THE EXISTING GATE"]
[]
[3.1,"Primary refurbishment and upgrading of the gate to include the following:",{"v":52211.25,"d":"R 52,211.25"},{"v":498870,"d":"R 498,870.00"},{"v":245000,"d":"245,000.00"}]
[]
[null," Removal of the existing electrical drive motor gearbox and hauling chain."]
[]
[null,"Removal of the existing flexible electrical cable link and flexible chain enclosure."]
[]
[null,"Removal of the existing cover plates secured to the lower rectangular profile frame of the gate and used to cover the existing hauling drive chain."]
[]
[null,"Removal of the existing two support wheels of each gate panel, complete with bearings and frame support."]
[]
[null,"Removal of the existing side support wheels,"]
[]
[null,"Inspection of all steel components. Where any damage is observed, this needs to be rectified and repaired "]
[]
[null,"Inspection of all steel components of each gate panel, and recording all areas where corrosion has been prevalent.  "]
[]
[null,"Main drive hauling chain complete with two adjustable anchors at the front and  rear end of the gate."]
[]
[null,"All these areas must be thoroughly brushed and cleaned to remove all scores of corrosion, "]
[]
[null,"All damaged areas of the steelwork of each gate panel must be diligently recorded for reference control of the potential upgrade.  Record this in m2."]
[]
[3.2,"Refurbishment and upgrading of the gate to include the following:",{"v":449820,"d":"R 449,820.00"},{"v":929250,"d":"R 929,250.00"},{"v":398000,"d":"398,000.00"}]
[]
[null,"Manufacture of the new recess to receive the new support wheel boxes (two for each gate panel) as per the detail shown on the drawings."]
[]
[null,"Installation of the new additional side support frames and support framework to mount the new side support wheels of each gate panel (Four wheels per gate panel)."]
[]
[null,"Installation and securing of the new inverted channel section to receive the drive chain as part of the drive system of the gate."]
[]
[null,"Installation of the coupling brackets between die gate panels to be linked in tandem."]
[]
[null,"The corroded areas must be re-painted with a corrosion inhibiting paint.  "]
["part of 3.2","For Tendering purpose allow for a total surface area of 30 m2 to be re-painted as per the specification."]
[]
[null,"All damaged areas must be re-painted with a suitable primer paint.  Where corroded areas exist , the first coat application must be a corrosion inhibiting paint."]
[null,"For Tendering purpose allow for a total surface area of 15 m2 to be re-painted as per the specification."]
[]
[3.3,"Final coat of paint",{"v":29250,"d":"R 29,250.00"},{"v":135000,"d":"R 135,000.00"},20000]
[]
[null,"Once all work as recorded in Items 3.1 and 3.2 has been completed the total gate framework must be painted with two final coats of paint in the red and white colour as per the original configuration."]
[]
[null,"The boss section of each support wheel and the side support wheels of each gate panel shall be painted in the orange colour,(Specification Part 4)"]
[null,"SUBTOTAL FOR ITEM 3",{"$f":"SUM(C82:C124)","v":{"v":531281.25,"d":"R 531,281.25"}},{"$f":"SUM(D82:D124)","v":{"v":1563120,"d":"R 1,563,120.00"}},{"$f":"SUM(E82:E120)","v":{"v":663000,"d":"663,000.00"}}]
[]
["ITEM","DETAIL OF THE MODERNISATION AND UPGRADE OF THE TAXIWAY GATE  INSTALLATION","PRICE IN RANDS",null,"REMARKS"]
["NO."]
[4,"REFURBISHING AND UPGRADING OF THE EXISTING PERIMETER FENCE SECTIONS ADJOINING THE TAXIWAY GATE"]
[]
[4.1,"Removal and repair and upgrade of the fence sections adjoining the gate",{"v":5250,"d":"R 5,250.00"},{"v":7000,"d":"R 7,000.00"},{"v":6000,"d":"6,000.00"}]
[]
[null,"The existing palisade  fence  sections on both side of the taxiway  must be extended to  a minimum gap opening of 100 mm between the fence and the moving gate panels on the air side of the taxiway gate."]
[]
[null,"The extended sections of the fence on both sides of the taxiway must be cleaned and treated with the paint finish as specified for the steelwork of the gate panels.,"]
[]
[null,"On the top of the palisade fence the fence must be provided with the spiral loops of razor cut loops of galvanised wire as  the existing, and  securely attached to the palisade fence as per the existing loops of wire. "]
[]
[4.2,"Spiral wire loops",{"v":3750,"d":"R 3,750.00"},{"v":5000,"d":"R 5,000.00"},{"v":4500,"d":"4,500.00"}]
[]
[null,"On the top of the palisade fence the fence must be provided with the spiral loops of razor cut loops of galvanised wire as  the existing, and  securely attached to the palisade fence as per the existing loops of wire."]
[null,"SUBTOTAL FOR ITEM 4",{"$f":"SUM(C131:C141)","v":{"v":9000,"d":"R 9,000.00"}},{"$f":"SUM(D131:D141)","v":{"v":12000,"d":"R 12,000.00"}},{"$f":"SUM(E131:E139)","v":{"v":10500,"d":"10,500.00"}}]
[]
[5,"GUIDE FRAMES AND GUIDE WHEELS TO BE INSTALLED AT THE NORTHERN SIDE OPEN POSITION OF THE GATE"]
[]
[5.1,"Guide frames of the gate",{"v":233032.8,"d":"R 233,032.80"},{"v":139500,"d":"R 139,500.00"},{"v":96000,"d":"96,000.00"}]
[]
[null,"Installation of the eight guide frames at the northern side of the taxiway gate to guide the gate when moving to the open position. The installation shall include the anchor bolts to be installed to secure the guide frames to the new concrete base. The frames must be galvanised."]
[]
[5.2,"Guide wheels of the gate","INCLUDED",{"v":51450,"d":"R 51,450.00"},{"v":45000,"d":"45,000.00"}]
[]
[null,"Installation of the sixteen complete clamping steel brackets, guide wheels and clamping bolts and nuts for securing the guide wheels to the guide frames as per the detail shown on the drawings."]
[]
[]
[]
["ITEM","DETAIL OF THE MODERNISATION AND UPGRADE OF THE TAXIWAY GATE  INSTALLATION","PRICE IN RANDS",null,"REMARKS"]
[5.3,"Final coat of paint",{"v":26520,"d":"R 26,520.00"},{"v":24000,"d":"R 24,000.00"},{"v":12000,"d":"12,000.00"}]
[]
[null,"Once all work as recorded in Items 5.1 and 5.2 has been completed the total steel framework must be painted with two final coats of paint. "]
[null,"SUBTOTAL FOR ITEM 5",{"$f":"C146+C157","v":{"v":259552.8,"d":"R 259,552.80"}},{"v":214950,"d":"R 214,950.00"},{"$f":"SUM(E146:E157)","v":{"v":153000,"d":"153,000.00"}}]
[]
[6,"GUIDE FRAMES AND GUIDE WHEELS TO BE INSTALLED AT THE SOUTHERN SIDE CLOSED  POSITION OF THE GATE"]
[]
[6.1,"Guide frames of the gate",{"v":58258.2,"d":"R 58,258.20"},{"v":34950,"d":"R 34,950.00"},{"v":43500,"d":"43,500.00"}]
[]
[null,"Installation of the Two guide frames at the southern side of the taxiway gate to guide the gate when moving to the closed position. The installation shall include the anchor bolts to be installed to secure the guide frames to the new concrete base. "]
[]
[6.2,"Guide wheels of the gate","INCLUDED",{"v":12900,"d":"R 12,900.00"},12000]
[]
[null,"Installation of the four complete clamping steel brackets, guide wheels and clamping bolts and nuts for securing the guide wheels to the guide frames as per the detail shown on the drawings."]
[]
[6.3,"Final coat of paint",{"v":6630,"d":"R 6,630.00"},{"v":9000,"d":"R 9,000.00"},7500]
[]
[null,"Once all work as recorded in Items 5.1 and 5.2 has been completed the total steel framework must be painted with two final coats of paint."]
[null,"SUBTOTAL FOR ITEM 6",{"$f":"SUM(C164:C174)","v":{"v":64888.2,"d":"R 64,888.20"}},{"$f":"SUM(D164:D174)","v":{"v":56850,"d":"R 56,850.00"}},{"$f":"SUM(E164:E172)","v":{"v":63000,"d":"63,000.00"}}]
[]
[7,"STOP BLOCKS AT THE EXTREME OPEN AND CLOSED POSITION OF THE GATE"]
[]
[7.1,"Stop blocks",{"v":10725,"d":"R 10,725.00"},{"v":40500,"d":"R 40,500.00"},12000]
[]
[null,"Installation of the two stop blocks including the buffers, at the open and closed position of the gate, anchored by the bolts and nuts to the concrete base as per the detail shown on the drawings. The steelwork must be galvanised."]
[]
[7.2,"Final coat of paint",{"v":3315,"d":"R 3,315.00"},{"v":3000,"d":"R 3,000.00"},1000]
[]
[null,"Once all work as recorded in Items 7.1 has been completed the total steel framework must be painted with two final coats of paint."]
[null,"SUBTOTAL FOR ITEM 7",{"$f":"SUM(C179:C185)","v":{"v":14040,"d":"R 14,040.00"}},{"$f":"SUM(D179:D185)","v":{"v":43500,"d":"R 43,500.00"}},{"$f":"SUM(E179:E183)","v":{"v":13000,"d":"13,000.00"}}]
[]
[]
[]
["ITEM","DETAIL OF THE MODERNISATION AND UPGRADE OF THE TAXIWAY GATE  INSTALLATION","PRICE IN RANDS",null,"REMARKS"]
[8,"NEW MASTS FOR MOUNTING THE SINGLE BEAM OBSTRUCTION SENSORS "]
[]
[8.1,"Masts for the single beam sensors",{"v":25740,"d":"R 25,740.00"},{"v":48000,"d":"R 48,000.00"},9000]
[]
[null,"Installation of the four masts, at the open and closed position of the gate, anchored by the bolts and nuts to the concrete base as per the detail shown on the drawings. The steelwork must be galvanised."]
[]
[8.2,"Final coat of paint",{"v":3315,"d":"R 3,315.00"},{"v":7200,"d":"R 7,200.00"},1000]
[]
[null,"Once all work as recorded in Items 8.1 has been completed the total steel framework must be painted with two final coats of paint."]
[null,"SUBTOTAL FOR ITEM 8",{"$f":"SUM(C193:C199)","v":{"v":29055,"d":"R 29,055.00"}},{"$f":"SUM(D193:D199)","v":{"v":55200,"d":"R 55,200.00"}},{"$f":"SUM(E193:E197)","v":{"v":10000,"d":"10,000.00"}}]
[]
[9,"ELECTRICAL AND ELECTRONIC CONTROL SYSTEM  OF THE GATE"]
[]
[9.1,"New control board complete with variable voltage variable frequency (VVVF) control system.",{"v":433125,"d":"R 433,125.00"},{"v":442350,"d":"R 442,350.00"},365000]
[]
[null,"Digital microprocessor based thyristor speed control system to regulate and control the speed of the 18 kW AC electrical drive motor of the gate."]
[]
[null,"Peripheral monitoring,  supervising  and limit switch interface control equipment to be installed on the new control board."]
[]
[null,"Weatherproof Control Board A made of steel plate, and galvanised, manufactured as per the requirements of Part 4 of the specification for mounting all the control equipment."]
[]
[9.2,"New control console to be mounted in the supervisor’s office",{"v":79875,"d":"R 79,875.00"},{"v":63180,"d":"R 63,180.00"},45000]
[]
[null,"Main control equipment and monitoring equipment to be installed on the Control console for the remote control of the taxiway gate. The console shall be manufactured as specified in part 4 and 6 of the specification."]
[]
[null,"Interconnecting steel wire armoured cables as connection from the Control board A to the Control console B"]
[]
[]
[]
[]
["ITEM","DETAIL OF THE MODERNISATION AND UPGRADE OF THE TAXIWAY GATE  INSTALLATION","PRICE IN RANDS",null,"REMARKS"]
[9.3,"Linear type curtain sensors",{"v":175500,"d":"R 175,500.00"},{"v":132480,"d":"R 132,480.00"},75000]
[]
[null,"New curtain type linear sensors installed as obstruction sensors and operating as transmitter/receiver units mounted on the four taxiway facing guide frames of the gate."]
[]
[null,"Interconnecting double screened  cables installed in  steel conduit housed in the sleeves as connection from the Control board A to the linear type obstruction sensors."]
[]
[]
[9.4,"Single beam  type obstruction sensors",{"v":158625,"d":"R 158,625.00"},{"v":59580,"d":"R 59,580.00"},55000]
[]
[null,"New single beam  type sensors installed as obstruction sensors and operating as transmitter/receiver units mounted on the four support columns to be installed for this purpose."]
[]
[null,"Interconnecting double screened  cables  installed in  steel conduit housed in the sleeves as connection from the Control board A to the single beam type obstruction sensors."]
[]
[9.5,"New electrical power cables",{"v":149062.5,"d":"R 149,062.50"},{"v":103320,"d":"R 103,320.00"},72000]
[null,"(All cables to be steel wire armoured PVC insulated)",null,null," "]
[]
[null,"Installation of the new 16 mm2 - 4 core power cable as power supply connection from the main distribution board (Position to be identified) and the Control Board A."]
[]
[null,"New 4 -core power cable from the Control Board A to the electrical motor. (One core as earth connection)"]
[]
[null,"New 12 -core Control cable  from the Control board A to the limit switch control units mounted close to the gate drive unit for control the retardation and stop position of the open gate."]
[]
[null,"New 12- core Control cable  from the Control board A to the limit switch control units mounted close to the gate drive unit for control the retardation and stop position of the closed gate."]
[null,"SUBTOTAL FOR ITEM 9",{"$f":"C204+C212+C222+C229+C235","v":{"v":996187.5,"d":"R 996,187.50"}},{"$f":"D204+D212+D222+D229+D235","v":{"v":800910,"d":"R 800,910.00"}},{"$f":"SUM(E204:E235)","v":{"v":612000,"d":"612,000.00"}}]
{"$rows_empty":11}
["ITEM","DETAIL OF THE MODERNISATION AND UPGRADE OF THE TAXIWAY GATE  INSTALLATION","PRICE IN RANDS",null,"REMARKS"]
[10,"SIRENS AND ROBOT LIGHTS AT THE TAXIWAY"]
[]
[10.1,"Sirens",{"v":29625,"d":"R 29,625.00"},{"v":49680,"d":"R 49,680.00"},15000]
[]
[null,"Installation of two sirens with rotating beacon one on each  side (Closed and open position of the gate) of the taxiway. "]
[]
[]
[null,"The audible siren must be sounded once the taxiway gate is switched for the opening and closing movement of the gate."]
[]
[null,"New separate 3 -core power cable from the Control Board A to each of the two sirens. (One core as earth connection)"]
[]
[10.2,"Robot  lights",{"v":154687.5,"d":"R 154,687.50"},{"v":119160,"d":"R 119,160.00"},65000]
[]
[null,"Installation of four robot lights two on each side (Closed and open position of the gate) of the taxiway. The robot lights shall face the air side and the aircraft parking side of the taxiway gate. "]
[]
[null,"The robot light must be switched amber when the taxiway gate moves (Opening of closing), red when the gate is closed and green when the taxiway gate is fully open.  "]
[]
[null,"New separate 4-core power cable from the Control Board A to each of the two sirens. (The core connection as earth for the sirens shall also be used for the robot lights) "]
[null,"SUBTOTAL FOR ITEM 10",{"$f":"SUM(C260:C275)","v":{"v":184312.5,"d":"R 184,312.50"}},{"$f":"SUM(D260:D275)","v":{"v":168840,"d":"R 168,840.00"}},{"$f":"SUM(E260:E269)","v":{"v":80000,"d":"80,000.00"}}]
[]
[11,"FLOODLIGHTS AT THE OPEN AND CLOSED POSITION OF THE TAXIWAY GATE"]
[]
[11.1,"Floodlights",{"v":71250,"d":"R 71,250.00"},{"v":73800,"d":"R 73,800.00"},52000]
[]
[null,"Installation of two floodlights one on each side (Closed and open position of the gate) of the taxiway. "]
[]
[null,"The floodlights shall be switched on from the Control Console at the supervisors office at night once the taxiway gate is switched for the opening and closing movement of the gate."]
[]
[null,"The floodlights shall be directed towards the gate structure, so that the movement of the gate an be observed."]
[]
[null,"New separate 3 -core power cable from the Control Board A to each of the two floodlights (One core as earth connection)"]
[null,"SUBTOTAL FOR ITEM 11",{"$f":"SUM(C280:C288)","v":{"v":71250,"d":"R 71,250.00"}},{"$f":"SUM(D280:D288)","v":{"v":73800,"d":"R 73,800.00"}},{"$f":"E280","v":{"v":52000,"d":"52,000.00"}}]
[]
["ITEM","DETAIL OF THE MODERNISATION AND UPGRADE OF THE TAXIWAY GATE  INSTALLATION","PRICE IN RANDS",null,"REMARKS"]
[12,"OPERATOR’S AND MAINTENANCE MANUALS"]
[]
[12.1,"Manuals",{"v":61125,"d":"R 61,125.00"},{"v":56520,"d":"R 56,520.00"},15000]
[null,"These must be compiled, prepared printed and submitted as per the requirements specified in Part 5 of the specification"]
[null,"SUBTOTAL FOR ITEM 12",{"$f":"SUM(C294:C295)","v":{"v":61125,"d":"R 61,125.00"}},{"$f":"SUM(D294:D295)","v":{"v":56520,"d":"R 56,520.00"}},{"v":15000,"d":"15,000.00"}]
[]
["ITEM","DETAIL OF THE MODERNISATION AND UPGRADE OF THE TAXIWAY GATE  INSTALLATION"]
[13,"GENERAL P&G COST ITEMS"]
[null,"For Electromechanical & Civil & Structural Works"]
[13.1,"Scope of cost items to be included"]
[]
[null,"The cost of each item must be separately presented in the cost column. "]
[]
[null,"NOTES:"]
[]
[null,"Identify whether the item represents a fixed cost by the letter F"]
[]
[null,"Identify whether the item represents a cost to be value coupled  by the letter V "]
[]
[null,"Identify whether the item represents a cost to be time coupled by the letter T"]
[]
[]
[null,"Site establishment including:"]
[]
[null,"a) Office",{"v":207100,"d":"R 207,100.00"},{"v":327900,"d":"R 327,900.00"}]
[]
[null,"b) Office equipment"]
[]
[null,"c) Store",{"v":199225,"d":"R 199,225.00"},{"v":305900,"d":"R 305,900.00"}]
[]
[null,"d) Workshop"]
[]
[null,"e) Other items: ",{"v":7500,"d":"R 7,500.00"},{"v":32000,"d":"R 32,000.00"}]
[]
[null,"Personnel including:"]
[]
[null,"a) Supervisory staff",{"v":221970,"d":"R 221,970.00"},{"v":94100,"d":"R 94,100.00"}]
[]
[null,"b) Foreman",{"v":79470,"d":"R 79,470.00"},{"v":90900,"d":"R 90,900.00"}]
[]
[null,"c) Office staff",null,{"v":87900,"d":"R 87,900.00"}]
[]
[null,"d) Administrative staff",{"v":50970,"d":"R 50,970.00"},{"v":94900,"d":"R 94,900.00"}]
[]
[null,"e) Other: ",{"v":52500,"d":"R 52,500.00"},{"v":37500,"d":"R 37,500.00"}]
[]
[null,"Ancillary costs e.g.:"]
[]
[null,"a) Telephone",{"v":47595,"d":"R 47,595.00"},{"v":59000,"d":"R 59,000.00"}]
[]
[null,"b) Electricity"]
[]
[]
["Part of 13.1","c) Water"]
[]
[null,"d) Stationary"]
[]
[null,"e) Insurance and guarantee",{"v":213850,"d":"R 213,850.00"},{"v":295900,"d":"R 295,900.00"}]
[]
[null,"f) Transport cost (supervisory persons)",{"v":56595,"d":"R 56,595.00"},{"v":156900,"d":"R 156,900.00"}]
[]
[null,"g) Allow for full  tarnage and auxiliary hoisting equipment for unloading equipment on site.",{"v":37500,"d":"R 37,500.00"},{"v":240000,"d":"R 240,000.00"}]
[]
[null,"h) Allow for complying with the requirements of the Construction Regulations",{"v":31500,"d":"R 31,500.00"},{"v":21000,"d":"R 21,000.00"}]
[]
[]
[null,"SUBTOTAL FOR ITEM 13",{"$f":"SUM(C301:C357)","v":{"v":1205775,"d":"R 1,205,775.00"}},{"$f":"SUM(D301:D357)","v":{"v":1843900,"d":"R 1,843,900.00"}},{"v":447460,"d":"447,460.00"}]
[]
[14,"12 MONTH GUARANTEE PERIOD"]
[]
[14.1,"General Requirements",{"v":64650,"d":"R 64,650.00"},{"v":305100,"d":"R 305,100.00"}]
[]
[null,"The requirements as specified in Part 5 of the specification shall be applicable."]
[null,"SUBTOTAL FOR ITEM 14",{"$f":"SUM(C362:C364)","v":{"v":64650,"d":"R 64,650.00"}},{"$f":"SUM(D362:D364)","v":{"v":305100,"d":"R 305,100.00"}},"Incl. in above"]
[]
[]
[null,"TOTAL FOR SECTION A",{"$f":"C54+C125+C142+C160+C175+C186+C200+C245+C276+C289+C296+C358+C365","v":{"v":4292901,"d":"R 4,292,901.00"}},{"$f":"D54+D125+D142+D160+D175+D186+D200+D245+D276+D289+D296+D358+D365","v":{"v":6127108,"d":"R 6,127,108.00"}},{"$f":"E54+E125+E142+E160+E175+E186+E200+E245+E276+E289+E296+E358","v":{"v":2592460,"d":"2,592,460.00"}}]

{"sheet":"Section C","index":10,"n_rows":306,"n_cols":8,"rows_kept":306,"hidden":true,"merged":[[0,1,0,7],[61,3,61,5],[124,3,124,5],[244,3,244,5],[305,3,305,5],[305,6,305,7]]}
[null,"SCHEDULE C - CIVIL WORKS"]
[null,"Item","Payment Reference","Description","Unit","Qty","Rate (R)","Amount (R)"]
[]
[{"$nulls":3},"PORTION - A "]
[null,1,"SANS ","SCHEDULE:       1"]
[null,null,"1220 C","SITE CLEARANCE"]
[null,null,"PSC"]
[]
[null,null,"8.2.10","REMOVE TOPSOIL"]
[]
[{"$nulls":3},"a)     Remove topsoil to depth of 100mm and"]
[]
[null,1.2,null,"     .1 Stockpile on site and maintain","m3",100,{"v":270,"d":"R 270.00"},{"$f":"G13*F13","v":{"v":27000,"d":"R 27,000.00"}}]
[]
[null,null,"SANS ","FINISHING , TOPSOILING AND GRASSING"]
[null,null,"1220 D"]
[null,null,"8.3.10",".1  topsoiling with materials from stockpiles on site"]
[]
[null,1.3,null,"a)     Spread on the road verges","m3",68,{"v":225,"d":"R 225.00"},{"$f":"G19*F19","v":{"v":15300,"d":"R 15,300.00"}}]
[]
[null,1.4,null,"b)    Spread on side of stormwater channel","m3",32,{"v":262.5,"d":"R 262.50"},{"$f":"G21*F21","v":{"v":8400,"d":"R 8,400.00"}}]
{"$rows_empty":37}
[{"$nulls":3},"SCHEDULE:       1"]
[{"$nulls":3},"SITE CLEARANCE"]
[]
[{"$nulls":3},"Carried Forward To Summary Of Schedules",null,null,"Total",{"$f":"SUM(H13:H21)","v":{"v":50700,"d":"R 50,700.00"}}]
[null,"Item","Payment Reference","Description","Unit","Qty","Rate (R)","Amount (R)"]
[]
[{"$nulls":3},"PORTION - B "]
[null,2,"SANS","SCHEDULE:       2"]
[null,null,"1200 D","BULK EARTHWORKS"]
[]
[{"$nulls":3},"CUT TO SPOIL "]
[]
[null,2.1,"8.3.2",".1  Cut to spoil","m³",10,{"v":750,"d":"R 750.00"},{"$f":"G71*F71","v":{"v":7500,"d":"R 7,500.00"}}]
[]
[null,2.2,null,".2  Cut to form grass channel","m³",32,{"v":450,"d":"R 450.00"},{"$f":"G73*F73","v":{"v":14400,"d":"R 14,400.00"}}]
{"$rows_empty":48}
[{"$nulls":3},"SCHEDULE:       2"]
[{"$nulls":3},"EARTHWORKS (ROADS, SUBGRADE)"]
[]
[{"$nulls":3},"Carried Forward To Summary Of Schedules",null,null,"Total",{"$f":"SUM(H71:H73)","v":{"v":21900,"d":"R 21,900.00"}}]
[null,"Item","Payment Reference","Description","Unit","Qty","Rate (R)","Amount (R)"]
[]
[{"$nulls":3},"PORTION - C "]
[null,3,"SANS ","SCHEDULE:     3"]
[null,null,"1200 MH","ASPHALT BASE AND SURFACING"]
[]
[{"$nulls":3},"SUNDRIES"]
[]
[{"$nulls":3},"Saw-cutting of asphalt base"]
[]
[null,3.1,null,"Existing road layerworks up to 450mm depth","m",40,{"v":90,"d":"R 90.00"},{"$f":"G136*F136","v":{"v":3600,"d":"R 3,600.00"}}]
[]
[{"$nulls":3},"REINSTATEMENT JOINT"]
[]
[{"$nulls":3},"New construction joint to reinstate after placing \nconcrete beam Dwg 2383.00.ZA.03.D001"]
[]
[null,3.2,null,"a)     After sawcut and removal, prime with a..b.e Epidermix 345","m",40,{"v":525,"d":"R 525.00"},{"$f":"G142*F142","v":{"v":21000,"d":"R 21,000.00"}}]
[]
[null,3.3,null,"b)    Fill the cavity with quick setting a.b.e Dura Dura. Rep QS","m",40,{"v":825,"d":"R 825.00"},{"$f":"G144*F144","v":{"v":33000,"d":"R 33,000.00"}}]
[]
[null,3.4,null,"c)     Sawcut and insert \"seal\"","m",40,{"v":645,"d":"R 645.00"},{"$f":"G146*F146","v":{"v":25800,"d":"R 25,800.00"}}]
[]
[null,3.5,null,"d)    Fill the cavity to just below surface with a.b.e DC 888","m",40,{"v":825,"d":"R 825.00"},{"$f":"G148*F148","v":{"v":33000,"d":"R 33,000.00"}}]
{"$rows_empty":32}
[{"$nulls":3},"SCHEDULE:     3"]
[{"$nulls":3},"ASPHALT BASE AND SURFACING"]
[]
[{"$nulls":3},"Carried Forward To Summary Of Schedules",null,null,"Total",{"$f":"SUM(H136:H148)","v":{"v":116400,"d":"R 116,400.00"}}]
[null,"Item","Payment Reference","Description","Unit","Qty","Rate (R)","Amount (R)"]
[]
[{"$nulls":3},"PORTION D"]
[null,4,"SANS ","SCHEDULE:     4"]
[null,null,"1200 MM","ANCILLARY ROADWORKS"]
[null,null,"PSMM"]
[]
[{"$nulls":3},"TRAFFIC SIGNS MEASURED IN NUMBERS"]
[]
[{"$nulls":3},"ROAD MARKING"]
[]
[{"$nulls":3},"Retro-reflective paint applied at nominal rate \nof 0,42l/m2"]
[]
[null,null,"8.4.1","a)     Yellow lines (broken or unbroken)"]
[]
[null,4.1,null,".1   100mm lines","m",20,{"v":15,"d":"R 15.00"},{"$f":"G200*F200","v":{"v":300,"d":"R 300.00"}}]
[]
[null,4.2,null,".2   300mm lines","m",36,{"v":45,"d":"R 45.00"},{"$f":"G202*F202","v":{"v":1620,"d":"R 1,620.00"}}]
[]
[]
[]
[{"$nulls":3},"VARIATIONS"]
[]
[null,null,"8.4.2","Variations in a rate of application from that stated in item 8.4.1"]
[]
[null,4.3,null,"Yellow paint","liter",10,{"v":67.5,"d":"R 67.50"},{"$f":"G210*F210","v":{"v":675,"d":"R 675.00"}}]
[]
[{"$nulls":3},"SETTING OUT"]
[]
[{"$nulls":3},"Setting out and premarking"]
[]
[null,null,"8.4.4","Lines (excluding traffic island, symbols, etc.)"]
[]
[{"$nulls":3},"Lines","m",56,{"v":15,"d":"R 15.00"},{"$f":"G218*F218","v":{"v":840,"d":"R 840.00"}}]
{"$rows_empty":23}
[{"$nulls":3},"SCHEDULE:     4"]
[null,4.4,null,"ANCILLARY ROADWORKS"]
[]
[{"$nulls":3},"Carried Forward To Summary Of Schedules",null,null,"Total",{"$f":"SUM(H200:H218)","v":{"v":3435,"d":"R 3,435.00"}}]
[null,"Item","Payment Reference","Description","Unit","Qty","Rate (R)","Amount (R)"]
[]
[{"$nulls":3},"PORTION - E "]
[null,5,"SANS","SCHEDULE:     5"]
[null,null,"1200 LE","STORMWATER DRAINAGE"]
[]
[{"$nulls":3},"APRON GRASSBLOCK TRANSITION OUTLET"]
[]
[null,5.1,null,"Construct grassblock apron to tie and match existing outlet    (1.8m x 2.0m)","no",1,{"v":7500,"d":"R 7,500.00"},{"$f":"G254*F254","v":{"v":7500,"d":"R 7,500.00"}}]
{"$rows_empty":46}
[{"$nulls":3},"SCHEDULE:     5"]
[{"$nulls":3},"EARTHWORKS"]
[]
[{"$nulls":3},"Carried Forward To Summary Of Schedules",null,null,"Total",{"$f":"H254","v":{"v":7500,"d":"R 7,500.00"}}]
[]
[{"$nulls":3},"TOTAL FOR SCHEDULE 1 TO SCHEDULE 5 (TOTAL TENDERED PRICE FOR CIVIL WORKS)",null,null,{"$f":"H62+H125+H184+H245+H304","v":{"v":199935,"d":"R 199,935.00"}}]

{"sheet":"Civils","index":11,"n_rows":30,"n_cols":8,"rows_kept":30,"hidden":true,"merged":[[0,1,0,7],[29,3,29,5]]}
[null,"SCHEDULE B: CONCRETE WORKS"]
[null,"ITEM","PAYMENT REFERENCE","DESCRIPTION","UNIT","QTY","RATE","AMOUNT"]
[null,null,"2001-CC1","SECTION 2001-CC1: CONCRETE WORKS STRUCTURAL "]
[]
[null,1,"4.2.5.1","High tensile reinforcement (450 MPa) to be used. Including delivery and fixing. ","kg",3050,{"v":43.13,"d":"R 43.13"},{"$f":"G5*F5","v":{"v":131546.5,"d":"R 131,546.50"}}]
[]
[null,2,"4.2.6","30 Map with 19mm aggregate concrete to be used for:"]
[{"$nulls":3},"500x400dp taxiway beam ","m3",5,{"v":4875,"d":"R 4,875.00"},{"$f":"G8*F8","v":{"v":24375,"d":"R 24,375.00"}}]
[{"$nulls":3},"400x400dp beam ","m3",16,{"v":4875,"d":"R 4,875.00"},{"$f":"G9*F9","v":{"v":78000,"d":"R 78,000.00"}}]
[{"$nulls":3},"150mm thick slab ","m3",26,{"v":4875,"d":"R 4,875.00"},{"v":126750,"d":"R 126,750.00"}]
[{"$nulls":3},"500dp bases for gate guide stands","m3",2,{"v":4875,"d":"R 4,875.00"},{"v":9750,"d":"R 9,750.00"}]
[{"$nulls":3},"Drive assembly base and concrete working platform","m3",3,{"v":4875,"d":"R 4,875.00"},{"v":14625,"d":"R 14,625.00"}]
[]
[null,3,"4.2.6","15MPa concrete to be used for 50mm blinding ","m3",13,{"v":3234.38,"d":"R 3,234.38"},{"$f":"G14*F14","v":{"v":42046.94,"d":"R 42,046.94"}}]
[]
[null,4,"4.3.1.8","The formed surfaces to the sides of the beam shall be as follows: Smooth (Table 1) with degree of accuracy II","m2",85,{"v":1207.5,"d":"R 1,207.50"},{"$f":"G16*F16","v":{"v":102637.5,"d":"R 102,637.50"}}]
[]
[null,5,"4.5.1","Fixtures to be embedded in the concrete shall be as follows:"]
[{"$nulls":3},"30kg/m Rail","kg",3350,{"v":29.25,"d":"R 29.25"},{"$f":"G19*F19","v":{"v":97987.5,"d":"R 97,987.50"}}]
[{"$nulls":3},"Rail Support Stools:",{"$nulls":3},{"$f":"G20*F20","v":0}]
[{"$nulls":3},"i) 300x300x6mm thick studded base plate secured to blinding by nail plugs  ","no.",43,{"v":126.36,"d":"R 126.36"},{"v":5433.48,"d":"R 5,433.48"}]
[{"$nulls":3},"ii) Four 40mm long nail plugs","no.",172,{"v":19.5,"d":"R 19.50"},{"v":3354,"d":"R 3,354.00"}]
[{"$nulls":3},"iii) Two 315mm long M16 threaded rods welded to base plate ","no.",86,{"v":460.7,"d":"R 460.70"},{"v":39620.2,"d":"R 39,620.20"}]
[{"$nulls":3},"iv) 230x230x8mm thick plate welded to rail","no.",43,{"v":99.03,"d":"R 99.03"},{"v":4258.29,"d":"R 4,258.29"}]
[]
[null,6,null,"Excavations for new beam structure ","m3",55,{"v":319.1,"d":"R 319.10"},{"$f":"G26*F26","v":{"v":17550.5,"d":"R 17,550.50"}}]
[]
[null,7,null,"Demolish and cart away of existing beam structure","m3",40,{"v":4558.32,"d":"R 4,558.32"},{"$f":"G28*F28","v":{"v":182332.8,"d":"R 182,332.80"}}]
[]
[{"$nulls":3},"TOTAL TENDERED PRICE FOR CONCRETE WORKS",{"$nulls":3},{"$f":"SUM(H5:H29)","v":{"v":880267.71,"d":"R 880,267.71"}}]